000 00611nam a2200229Ia 4500
003 OSt
005 20220924153337.0
006 a|||||r|||| 00| 0
007 ta
008 220923b |||||||| |||| 00| 0 guj d
024 _a348002
037 _cTextual
040 _aARTS
_cARTS
_bguj
041 _2guj
_aguj
082 _aO157,3M76x, 156J6
100 _aGandhi Mohandas Karamchand Au.
_9221701
245 0 _aMaro samajwad
260 _c1956
650 _aBENGALI FICTION
942 _hO157,3M76x, 156J6
_cTEXL
_2CC
999 _c473243
_d473243